<?xml version="1.0" encoding="UTF-8"?>
<record
    xmlns:xsi="http://www.w3.org/2001/XMLSchema-instance"
    xsi:schemaLocation="http://www.loc.gov/MARC21/slim http://www.loc.gov/standards/marcxml/schema/MARC21slim.xsd"
    xmlns="http://www.loc.gov/MARC21/slim">

  <leader>01009nam a22002537a 4500</leader>
  <datafield tag="999" ind1=" " ind2=" ">
    <subfield code="c">42947</subfield>
    <subfield code="d">42947</subfield>
  </datafield>
  <controlfield tag="003">BI-BuBU</controlfield>
  <controlfield tag="008">200820b2003    bd#||||fr|||| 00| 0 fre d</controlfield>
  <datafield tag="037" ind1=" " ind2=" ">
    <subfield code="a">210309</subfield>
    <subfield code="b">Don de l'auteur </subfield>
  </datafield>
  <datafield tag="039" ind1=" " ind2=" ">
    <subfield code="a">20200820084510.0</subfield>
    <subfield code="b">Gatavu Paul</subfield>
  </datafield>
  <datafield tag="040" ind1=" " ind2=" ">
    <subfield code="a">BI-BuBU</subfield>
    <subfield code="b">fre </subfield>
    <subfield code="c">BI-BuBU</subfield>
    <subfield code="d">BI-BuBU</subfield>
  </datafield>
  <datafield tag="041" ind1=" " ind2=" ">
    <subfield code="a">fre </subfield>
  </datafield>
  <datafield tag="080" ind1=" " ind2=" ">
    <subfield code="a">335.52</subfield>
  </datafield>
  <datafield tag="100" ind1="1" ind2=" ">
    <subfield code="4">aut.</subfield>
    <subfield code="a">Karenzo, Licius </subfield>
  </datafield>
  <datafield tag="245" ind1="1" ind2="0">
    <subfield code="a">Problematique de developpement socio-&#xE9;conomique des batwa</subfield>
    <subfield code="c">Licius Karenzo ; Ir Antoine Gahungu, directeur </subfield>
  </datafield>
  <datafield tag="260" ind1=" " ind2=" ">
    <subfield code="a">Bujumbura</subfield>
    <subfield code="b">Universit&#xE9; du Burundi, Facult&#xE9; des Sciences Agronomiques </subfield>
    <subfield code="c">2003</subfield>
  </datafield>
  <datafield tag="300" ind1=" " ind2=" ">
    <subfield code="a">VIII - 46 f, </subfield>
    <subfield code="c">30 cm.</subfield>
  </datafield>
  <datafield tag="500" ind1=" " ind2=" ">
    <subfield code="a">M&#xE9;moire pr&#xE9;sent&#xE9; et d&#xE9;fendu publiquement en vue de l'obtention du grade d'Ing&#xE9;nieur Agronome </subfield>
  </datafield>
  <datafield tag="650" ind1=" " ind2="7">
    <subfield code="2">BI-BuBU</subfield>
    <subfield code="a">Batwa</subfield>
    <subfield code="x">Developpement socio-&#xE9;conomique </subfield>
    <subfield code="x">"batwa" (ethnie)</subfield>
  </datafield>
  <datafield tag="655" ind1=" " ind2=" ">
    <subfield code="2">BI-BuBU</subfield>
    <subfield code="a">M&#xE9;moire </subfield>
  </datafield>
  <datafield tag="700" ind1="1" ind2=" ">
    <subfield code="4">dir.</subfield>
    <subfield code="a">Gahungu Antoine </subfield>
  </datafield>
  <datafield tag="710" ind1="1" ind2=" ">
    <subfield code="4">aut.</subfield>
    <subfield code="a">Universit&#xE9; du Burundi, Facult&#xE9; des Sciences Agronomiques </subfield>
  </datafield>
  <datafield tag="942" ind1=" " ind2=" ">
    <subfield code="2">udc</subfield>
    <subfield code="c">MEM</subfield>
  </datafield>
  <datafield tag="952" ind1=" " ind2=" ">
    <subfield code="0">0</subfield>
    <subfield code="1">0</subfield>
    <subfield code="2">udc</subfield>
    <subfield code="4">0</subfield>
    <subfield code="7">0</subfield>
    <subfield code="9">67535</subfield>
    <subfield code="a">BFACAGRO</subfield>
    <subfield code="b">BFACAGRO</subfield>
    <subfield code="d">2020-08-20</subfield>
    <subfield code="e">Don de l'auteur</subfield>
    <subfield code="l">0</subfield>
    <subfield code="o">335.52 KAR.</subfield>
    <subfield code="p">5010000256661</subfield>
    <subfield code="r">2020-08-20</subfield>
    <subfield code="t">1</subfield>
    <subfield code="w">2020-08-20</subfield>
    <subfield code="y">MEM</subfield>
    <subfield code="i">210309</subfield>
  </datafield>
  <datafield tag="952" ind1=" " ind2=" ">
    <subfield code="0">0</subfield>
    <subfield code="1">0</subfield>
    <subfield code="2">udc</subfield>
    <subfield code="4">0</subfield>
    <subfield code="7">1</subfield>
    <subfield code="9">67536</subfield>
    <subfield code="a">BC</subfield>
    <subfield code="b">BC</subfield>
    <subfield code="d">2020-08-20</subfield>
    <subfield code="e">Don de l'auteur</subfield>
    <subfield code="l">0</subfield>
    <subfield code="o">R.335.52 KAR.</subfield>
    <subfield code="p">5010000727789</subfield>
    <subfield code="r">2020-08-20</subfield>
    <subfield code="t">2</subfield>
    <subfield code="w">2020-08-20</subfield>
    <subfield code="y">MEM</subfield>
    <subfield code="i">210308</subfield>
  </datafield>
</record>
